[Event "Dortmund op-B"]
[Site "Dortmund"]
[Date "2007.06.28"]
[Round "6"]
[White "Wolff, Alfred"]
[Black "Meyer, Susanne"]
[Result "1/2-1/2"]
[WhiteElo "1390"]
[BlackElo "1543"]
[PlyCount "59"]
[EventDate "2007.06.22"]
[EventType "swiss"]
[EventRounds "9"]
[EventCountry "GER"]
[SourceTitle "EXT 2008"]
[Source "ChessBase"]
[SourceDate "2007.11.25"]
[SourceVersion "1"]
[SourceVersionDate "2007.11.25"]
[SourceQuality "1"]

1. d4 e6 2. Nf3 b6 3. g3 Bb7 4. Bg2 Nf6 5. 0-0 Be7 6. c3 0-0 7. Nbd2 d5 8. Qc2 c5 9. Re1 Nbd7 10. h3 Qc8 11. Qb1 Bd6 12. Nh2 cxd4 13. cxd4 Qc7 14. e4 dxe4 15. Nxe4 Nxe4 16. Bxe4 Bxe4 17. Qxe4 Nf6 18. Qe3 Nh5 19. Nf1 Qc2 20. Qf3 Qg6 21. Re2 Nf6 22. Bf4 Bxf4 23. Qxf4 Nd5 24. Qd2 Rfc8 25. Rc1 Rxc1 26. Qxc1 Qf6 27. Qc4 Qe7 28. h4 Qd7 29. Rc2 h6 30. Nd2 1/2-1/2

[Event "Dortmund op-B"]
[Site "Dortmund"]
[Date "2007.06.26"]
[Round "4"]
[White "Wolff, Alfred"]
[Black "Wenzel, Ralph"]
[Result "0-1"]
[WhiteElo "1390"]
[BlackElo "1617"]
[PlyCount "120"]
[EventDate "2007.06.22"]
[EventType "swiss"]
[EventRounds "9"]
[EventCountry "GER"]
[SourceTitle "EXT 2008"]
[Source "ChessBase"]
[SourceDate "2007.11.25"]
[SourceVersion "1"]
[SourceVersionDate "2007.11.25"]
[SourceQuality "1"]

1. d4 Nf6 2. Nf3 e6 3. c4 Bb4+ 4. Bd2 Qe7 5. a3 Bxd2+ 6. Nbxd2 c5 7. e3 b6 8. Be2 Bb7 9. Qc2 d6 10. dxc5 dxc5 11. 0-0 0-0 12. Rab1 Nc6 13. Rfd1 e5 14. Ne4 Nxe4 15. Qxe4 Nd4 16. Qd3 e4 17. Qd2 Nxe2+ 18. Qxe2 exf3 19. gxf3 Qf6 20. e4 Rad8 21. Rd3 Rxd3 22. Qxd3 Qg5+ 23. Kh1 Rd8 24. Qe3 Qxe3 25. fxe3 Rd2 26. Re1 Ba6 27. b3 Kf8 28. h4 Rd3 29. Kg2 Rxb3 30. f4 Bb7 31. Kf3 Rxa3 32. Rd1 Ke7 33. Rg1 g6 34. h5 f5 35. hxg6 Bxe4+ 36. Kf2 Ra2+ 37. Kg3 hxg6 38. Kh4 Kf6 39. Rd1 Rh2+ 40. Kg3 Rf2 41. Kh3 Re2 42. Kh4 a5 43. Rd6+ Kg7 44. Kg5 Rg2+ 45. Kh4 a4 46. Rxb6 a3 47. Ra6 a2 48. Kh3 Re2 49. Kh4 Bd3 50. Kg5 Rg2+ 51. Kh4 Bf1 52. Kh3 Kh6 53. e4 Rc2+ 54. Kg3 Bxc4 55. Ra3 Rc3+ 56. Rxc3 a1Q 57. Rxc4 Qa3+ 58. Kh4 Qf3 59. exf5 gxf5 60. Rc3 Qg4# 0-1

[Event "Dortmund op-B"]
[Site "Dortmund"]
[Date "2007.06.24"]
[Round "3"]
[White "Ziabari, Morteza"]
[Black "Wolff, Alfred"]
[Result "1-0"]
[WhiteElo "1881"]
[BlackElo "1390"]
[PlyCount "35"]
[EventDate "2007.06.22"]
[EventType "swiss"]
[EventRounds "9"]
[EventCountry "GER"]
[SourceTitle "EXT 2008"]
[Source "ChessBase"]
[SourceDate "2007.11.25"]
[SourceVersion "1"]
[SourceVersionDate "2007.11.25"]
[SourceQuality "1"]

1. e4 c5 2. Nf3 d6 3. Nc3 e6 4. d4 cxd4 5. Nxd4 Nf6 6. Be3 e5 7. Bb5+ Nbd7 8. Nf5 Qc7 9. 0-0 a6 10. Ba4 b5 11. Bb3 Nc5 12. Nd5 Qd8 13. Ng3 Nfxe4 14. Nxe4 Nxe4 15. Bb6 Qd7 16. Nc7+ Ke7 17. Qd5 Qf5 18. Qxa8 1-0